ბათუმის შოთა რუსთაველის სახელმწიფო უნივერსიტეტის ბიბლიოთეკა

Химия и жизнь-XXI век. №2. 2015 (ბიბ.ჩანაწერი № 47856)

000 -LEADER
fixed length control field 00503nam a2200193Ia 4500
001 - CONTROL NUMBER
control field 14731
003 - CONTROL NUMBER IDENTIFIER
control field GE_BSU
008 - FIXED-LENGTH DATA ELEMENTS--GENERAL INFORMATION
fixed length control field 181216s||||||||xx |||||||||||||| ||und||
040 ## - CATALOGING SOURCE
Transcribing agency GE_BSU
080 ## - UNIVERSAL DECIMAL CLASSIFICATION NUMBER
Universal Decimal Classification number პერიოდიკა
100 ## - MAIN ENTRY--PERSONAL NAME
Personal name 1727-5903
245 ## - TITLE STATEMENT
Title Химия и жизнь-XXI век. №2. 2015
245 ## - TITLE STATEMENT
Statement of responsibility, etc. Гл.ред.Стельникова Л.Н.
260 ## - PUBLICATION, DISTRIBUTION, ETC.
Place of publication, distribution, etc. Москва
260 ## - PUBLICATION, DISTRIBUTION, ETC.
Date of publication, distribution, etc. 2015
300 ## - PHYSICAL DESCRIPTION
Extent 64стр.28см.
653 ## - INDEX TERM--UNCONTROLLED
Uncontrolled term Химия и жизнь
942 ## - ADDED ENTRY ELEMENTS (KOHA)
Koha item type პერიოდიკა
ეგზემპლარები
Withdrawn status Lost status Damaged status Not for loan Date acquired Barcode Date last seen Price effective from Koha item type
        2018-12-17 p76769 2018-12-17 2018-12-17 პერიოდიკა